| 000 | 00442nam a2200157Ia 4500 | ||
|---|---|---|---|
| 005 | 20250430155844.0 | ||
| 008 | 231217s9999 xx 000 0 und d | ||
| 020 | _a9780387243580 | ||
| 082 | _a629.231 AND;1 R | ||
| 100 | _aAndrezejewski, Ryszard. Awrejcewicz, Jan. | ||
| 245 | 0 | _aNonlinear dynamics of a wheeled vehicle | |
| 260 |
_c2005 _bSpringer _aUS |
||
| 300 | _a328 | ||
| 650 | _aNonlinear,dynamics,wheeled,vehicle | ||
| 942 | _cAA | ||
| 999 |
_c182997 _d182997 |
||